| 000 | 00000nam##2200000za#4500 |
| 001 | 9.663726 |
| 003 | CaOODSP |
| 005 | 20240912093242 |
| 007 | ta |
| 008 | 150407|2002||||xxc||||| f|0| 0 fre|d |
| 020 | |a0-662-66551-1 |
| 040 | |aCaOODSP|bfre |
| 041 | |aeng |
| 041 | |afre |
| 043 | |an-cn--- |
| 086 | 1 |aD82-64/2002 |
| 110 | 1 |aCanada.|bBureau de la protection des infrastructures essentielles et de la protection civile. |
| 245 | 10|aStratégie nationale d'atténuation des catastrophes: vers une approche canadienne : |bguide de délibération |
| 260 | |aOttawa - Ontario : |bBureau de la protection des infrastructures essentielles et de la protection civile |c2002. |
| 300 | |aTexte français, 18p. : |c28 cm. |
| 504 | |aBibliographie. |
| 546 | |aBilingue |
| 563 | |aCouverture souple |
| 590 | |a02-23|b2002-06-07 |
| 691 | 07|aProtection civile|2gcpds |
| 691 | 07|aSecours en cas de désastre|2gcpds |
| 691 | 07|aStratégie|2gcpds |
| 776 | 0#|tStratégie nationale d'atténuation des catastrophes : |w(CaOODSP)9.943141 |
| 791 | |tNational disaster mitigation strategy: towards a Canadian approach : |eeng|w(CaOODSP)9.663725 |